Guess the Animal - Statistics

General Stats
  • This quiz has been taken 38 times
  • The average score is 38 of 48
Answer Stats
Picture Answer % Correct
cat
100%
dog
100%
wolf
100%
dolphin
97%
eagle
97%
fish
97%
fox
97%
horse
97%
lion
97%
shark
97%
snake
97%
squirrel
97%
zebra
97%
whale
94%
kangaroo
88%
spider
88%
starfish
88%
ant
85%
bear
85%
butterfly
85%
crocodile
85%
crow
85%
goat
85%
monkey
85%
octopus
85%
sheep
85%
alligator
79%
hamster
79%
koala
79%
otter
79%
raccoon
79%
skunk
79%
caterpillar
76%
guinea pig
76%
lizard
76%
giant panda
73%
llama
73%
beaver
70%
buffalo
70%
lynx
70%
red panda
67%
badger
55%
gerbil
55%
salamander
52%
chipmunk
48%
bunny
42%
ferret
42%
weasel
33%
No matching quizzes found
Score Distribution
Percent of People with Each Score
Percentile by Number Answered
Your Score History
You have not taken this quiz